Famous Michael's Quiz Stats

 Plays Quiz not verified by Sporcle

Challenge
Share
Tweet
Embed
Score 0/40 Timer 08:00
0 Plays Today
Clues Name % Correct
King of PopMichael Jackson
95.1%
Basketball legendMichael Jordan
80%
Austin Power's and Shrek actorMike Myers
77.8%
ear-chewing boxerMike Tyson
71.9%
Wham! memberGeorge Michael
70.8%
Old actor married to Catherine Zeta-JoesMichael Douglas
69.2%
Record gold-medal winning swimmerMichael Phelps
65.4%
Director of 'Bowling for Columbine' and 'Fahrenheit 9/11'Michael Moore
62.2%
famous painter of Sistine Chapel roofMichelangelo di Lodovico Buonarroti Simoni
54.6%
Golden shoed 200m & 400m runner now TV PresenterMichael Johnson
49.7%
Jurassic Park authorMichael Crichton
47.6%
RiverdancerMichael Flatley
39.5%
modern Canadian pop singerMichael Buble
38.9%
REM singerMichael Stipe
37.8%
Soft American rock singer of 'Time, Love and Tenderness'Michael Bolton
36.8%
ex-Liverpool and England strikerMichael Owen
35.1%
7-times F1 World ChampionMichael Schumacher
35.1%
Chelsea footballer, German captainMichael Ballack
34.1%
'I only told you to blow the bl**dy doors off!'Michael Caine
29.7%
monty python starMichael Palin
29.2%
Clues Name % Correct
2nd Dumbledore actor (Harry Potter)Michael Gambon
28.6%
hardworking Ghanaian, Chelsea midfielderMichael Essien
28.1%
Singer & Westend performerMichael Ball
25.9%
recently-retiered long-running Uk chatshow hostMichael Parkinson
22.7%
2005 Ashes winning England CaptainMichael Vaughan
20%
British comic genius, on recent 'Comedy Roadshow' Michael McIntyre
18.9%
Old comic/TV star (the one with a lethal swimming pool!)Michael Barrymore
18.9%
tash-wearing ex-weatherman (don't mention that hurricane!)Michael Fish
18.4%
Unwanted chairman of Newcastle United Mike Ashley
17.8%
Danish footballing brotherMichael Laudrup
15.1%
Ex-English Cricket captainMike Atherton
14.6%
'This is your life' presenterMichael Aspel
14.1%
Ex-Tory Leader who has 'something of the night about him'Michael Howard
13.5%
English film producer. Blooming annoying adverts!Michael Winner
13%
1991 Wimbledon Mens ChampionMichael Stich
13%
Uk Labour leader (1980-83)Michael Foot
11.9%
18th Century English chemistMichael Faraday
11.4%
posh tory-politicianMichael Portillo
9.7%
West Indian cricketer and Sky TV presenterMichael Holding
9.7%
Britich child's author of 'The Butterfly Lion' etc.Michael Morpurgo
7.6%

You're not logged in!

Compare scores with friends on all Sporcle quizzes.
OR
Log In

You Might Also Like...

Show Comments

Extras

Created Nov 17, 2009ReportNominate
Tags:Famous Quiz, michael

Top Quizzes Today


Score Distribution

Your Account Isn't Verified!

In order to create a playlist on Sporcle, you need to verify the email address you used during registration. Go to your Sporcle Settings to finish the process.

Report this User

Report this user for behavior that violates our Community Guidelines.

Details: